Представление документа в формате RUSMARC

ПолеНазваниеЗначение
  Тип записи a
  Библиографический уровень m
001 Контрольный номер UONB/MAIN/95ecb6f1e8e54f4da1745069388fe136
005 Дата корректировки 20260417100506.0
010 Индекс ISBN __
d Цена 85 к.
100 Данные общей обработки __
a Данные общей обработки 20260417d1912 u y0rusy0189 ca
101 Язык документа 0_
a Язык текста rus
102 Страна публикации __
a Страна публикации RU
105 Кодированные данные (монография) __
a Кодированные данные (монография) a z 001yy
200 Заглавие и сведения об ответственности 1_
a Заглавие Систематическое иллюстрированное описание коллекции уродов Музея антропологии и этнографии имени Петра Великого при Императорской Академии наук
e Сведения, относящиеся к заглавию (доложено в заседании Общего собрания 2 октября 1910 г.)
f Первые сведения об ответственности составил доктор медицины К. З. Яцута
h Номер части Вып. 1
i Наименование части Симметричные близнецы. Ассиметричные близнецы
210 Выходные данные 1_
d Дата издания 1912
215 Физическое описание __
a Объем [6], 45 с.
c Иллюстрации/тип воспроизводства ил.
320 Библиография __
a Библиография Библиогр. в подстроч. примеч.
461 Уровень набора _0
1 2001
a Сборник Музея антропологии и этнографии
v Т. 13
1 2101
a Санкт-Петербург
c Наука, Санкт-Петербургское отделение
d 1900-
1 300
a Доп. тит. л. фр.
1 001UONB/MAIN/77ff1e0278f642a191f97e1f573595f3
1 203
a Текст
b визуальный
c непосредственный
1 215
d 30 см
1 71002
a Музей антропологии и этнографии им. Петра Великого (Санкт-Петербург)
4 570
606 Тематические рубрики 0_
a Основная рубрика Генетика медицинская
610 Ключевые слова 0_
a Ключевые слова генетика медицинская; патология генетическая; человеческие уроды; паразитарные уроды; симметричные близнецы; янусовидные уроды; асимметричные уроды; двойные параллельные уроды; уроды животные
686 Индексы других классификаций __
2 Код системы rubbk
a Классификационный индекс 52.522.15
702 Вторичная интеллектуальная ответственность _1
a Фамилия Яцута
b Имя (инициалы) К. З.
4 Код отношения 220
801 Источник записи _0
a Страна RU
b Организация Ульяновская ОНБ
c Дата составления 20260417
g Правила каталогизации RCR
801 Источник записи _1
a Страна RU
b Организация Ульяновская ОНБ
c Дата составления 20260417
g Правила каталогизации RCR
901 Тип документа __
t Тип документа n
w Контрольный № источника UONB/MAIN/77ff1e0278f642a191f97e1f573595f3
909 Создатель записи __
a Создатель записи Моргунова
b Дата создания записи 20260417